EVERY WCW PPV Main Event - Statistics

General Stats
  • This quiz has been taken 406 times
    386 since last reset
  • The average score is 251 of 298
Answer Stats
Hint Answer % Correct
Bash At The Beach 1996 | Fall Brawl 1996 | Slamboree 1997 | +5 others Scott Hall
100%
Bash At The Beach 1994 | Bash At The Beach 1995 | Bash At The Beach 1996 | +12 others Hulk Hogan
99%
Bash At The Beach 1996 | Bash At The Beach 1999 | Fall Brawl 1996 | +13 others Kevin Nash
99%
Fall Brawl 1996 nWo Sting
99%
Bash At The Beach 1994 | Collision in Korea | Fall Brawl 1996 | +17 others Ric Flair
99%
Bash At The Beach 1996 | Bash At The Beach 1999 | Beach Blast 1993 | +23 others Sting
99%
Halloween Havoc 1998 | Halloween Havoc 1999 | Halloween Havoc 2000 | +3 others Goldberg
96%
Bash At The Beach 2000 | Fall Brawl 1993 | Fall Brawl 2000 | +2 others Booker T
95%
Bash At The Beach 1997 | Bash At The Beach 1998 | Fall Brawl 1996 | +16 others Hollywood Hulk Hogan
95%
Bash At The Beach 1996 | Bash At The Beach 1999 | Fall Brawl 1995 | +13 others Randy Savage
94%
Beach Blast 1992 | Greed 2001 | Japan Supershow 2 | +6 others Scott Steiner
93%
Bash At The Beach 1995 | BattleBowl 1993 (BattleBowl Winner) | Beach Blast 1993 | +10 others Big Van Vader
92%
Bash At The Beach 1998 | Fall Brawl 1998 | Great American Bash 1997 | +9 others Diamond Dallas Page
92%
Bash At The Beach 1996 | Bash At The Beach 1997 | Fall Brawl 1995 | +9 others Lex Luger
92%
Beach Blast 1992 | Great American Bash 1991 | Japan Supershow 2 | WrestleWar 1991 Rick Steiner
92%
Fall Brawl 1997 | Mayhem 1999 | Souled Out 2000 | Uncensored 1997 Chris Benoit
91%
Bash At The Beach 1997 | Great American Bash 1996 | Great American Bash 1998 | +8 others The Giant
91%
Fall Brawl 1994 | Fall Brawl 1996 | Great American Bash 1991 | +2 others Arn Anderson
89%
Fall Brawl 1998 | Mayhem 1999 | Starrcade 1999 | World War 3 1998 Bret Hart
87%
Bash At The Beach 2000 | Great American Bash 2000 | New Blood Rising 2000 | +5 others Jeff Jarrett
86%
Bash At The Beach 1999 | Beach Blast 1993 | Fall Brawl 1993 | +5 others Sid Vicious
80%
Fall Brawl 1993 | Fall Brawl 1994 | Great American Bash 1992 | WrestleWar 1992 Dustin Rhodes
77%
Fall Brawl 1994 Dusty Rhodes
76%
Fall Brawl 1993 | Fall Brawl 1998 Stevie Ray
76%
Fall Brawl 1998 | Halloween Havoc 1997 | Slamboree 1997 | +3 others Roddy Piper
74%
Fall Brawl 1998 The Warrior
74%
WrestleWar 1992 Steve Austin
72%
Spring Stampede 1994 | WrestleWar 1992 Ricky Steamboat
70%
Halloween Havoc 1991 Ron Simmons
69%
Bash At The Beach 1997 | Bash At The Beach 1998 Dennis Rodman
68%
Fall Brawl 1997 Buff Bagwell
67%
Slamboree 2000 David Arquette
67%
WrestleWar 1992 Rick Rude
67%
Starrcade 1994 The Butcher
65%
Fall Brawl 1995 The Zodiac
65%
WrestleWar 1991 Brian Pillman
64%
Road Wild 1998 Eric Bischoff
64%
Uncensored 1996 Kevin Sullivan
62%
Great American Bash 1992 | WrestleWar 1991 | WrestleWar 1992 Barry Windham
59%
Bash At The Beach 1998 Karl Malone
59%
Fall Brawl 1997 | Slamboree 1997 Syxx
59%
Road Wild 1998 Jay Leno
57%
Fall Brawl 1995 The Shark
57%
Fall Brawl 1997 Curt Hennig
56%
Fall Brawl 1995 | Uncensored 1996 Meng
56%
Sin 2001 Road Warrior Animal
56%
Fall Brawl 1997 Konnan
55%
Fall Brawl 1997 | Uncensored 1997 Steve McMichael
55%
Halloween Havoc 1993 Cactus Jack
54%
Japan Supershow 2 | Starrcade 1992 (BattleBowl Winner) The Great Muta
51%
Collison In Korea Antonio Inoki
49%
Fall Brawl 1994 Terry Funk
46%
Beach Blast 1993 | Fall Brawl 1993 | Slamboree 1993 Davey Boy Smith
45%
Fall Brawl 1993 The Shockmaster
44%
Halloween Havoc 2000 Brian Adams
41%
WrestleWar 1992 Bobby Eaton
40%
Halloween Havoc 2000 Bryan Clark
40%
Halloween Havoc 1992 Jake Roberts
40%
Uncensored 1996 The Barbarian
40%
Fall Brawl 1995 Kamala
39%
Japan Supershow 1 | SuperBrawl I Tatsumi Fujinami
37%
Fall Brawl 1994 Brian Knobbs
36%
Uncensored 1996 Z-Gangsta
36%
Fall Brawl 1994 Jerry Sags
35%
WrestleWar 1991 | WrestleWar 1992 Larry Zbyszko
35%
Beach Blast 1992 | Great American Bash 1992 Steve Williams
34%
WrestleWar 1992 Nikita Koloff
33%
Uncensored 1996 The Ultimate Solution
32%
Slamboree 1997 Kevin Greene
29%
Beach Blast 1992 | Great American Bash 1992 Terry Gordy
29%
Fall Brawl 1994 Bunkhouse Buck
27%
Fall Brawl 1994 Col. Robert Parker
20%
Great American Bash 1991 Paul E Dangerously
12%
Japan Supershow III Hiroshi Hase
10%
No matching quizzes found
Score Distribution
Percent of People with Each Score
Percentile by Number Answered
Your Score History
You have not taken this quiz since the last reset